| 000 | 00661nam a2200241Ia 4500 | ||
|---|---|---|---|
| 003 | OSt | ||
| 005 | 20230530160041.0 | ||
| 008 | 210423s2005 xx 000 0 und d | ||
| 020 | _a0-387-22182-4 | ||
| 040 | _cAL | ||
| 041 | _aeng | ||
| 082 | _a512.74 MURP | ||
| 100 |
_aMURTY (Ram M);ESMONDE (Jody) _9117309 |
||
| 245 | _aProblems in algebraic number theory Ed 2 | ||
| 250 | _a2 | ||
| 260 |
_aNew York _bSpringer Pvt Ltd _c2005 |
||
| 300 |
_axvi,355 _bPB |
||
| 365 |
_b4457.26 _cEUR |
||
| 440 |
_aGraduate texts in mathemetics 190 _9117310 |
||
| 650 |
_aNumber Theory _9117311 |
||
| 906 | _aalgebraic ; number ; Problems ; theory | ||
| 942 |
_2ddc _cBK |
||
| 999 |
_c168461 _d168461 |
||